000 00420 a2200109 4500
020 _a1858220424
920 _a1-85822-042-4
100 1 _aCranston, Richard.
_eAutor
245 0 _aTelecommunications in Central and Eastern Europe :
_bVol.3: Czech Republic , Slovakia, Hungary and Poland /
_cCranston Richard.
710 2 _aMDIS Publications Limited.
_eWydawca
_4pbl
260 _aChichester, West Sussex :
_bMDIS,
_c1994.
300 _a101 s.;
_c30 cm.
999 _c1355
_d1355